00731nam a2200169 i 450000100060000000300090000600500170001500700030003200800410003510000510007624502420012726000870036930000280045661000340048465000190051885200240053741779ES-MaACL20250902063053.0t|030311s1885 sp ||||1| spa d1 aCastellarnau, Joaquín María de,d1848-194313aLa estación zoologica de Nápoles, y sus procedimientos para el exámen microscópico b: memoria presentada al Ilmo. Sr. Director General de Agricultura, Industria y Comercio / cpor Joaquín María de Castellarnau y de Lleopart. aMadrid : b[s.n.], c1885 (fImp. del Colegio Nacional de Sordo-Mudos y de Ciegos) aXIII, 207 p. ; c25 cm.24aStazione zoologica di Napoli.04aMicroscopía. aES-MaACLjT-379-F-3